000 00412nam a2200169Ia 4500
005 20250423101148.0
008 250422s9999 xx 000 0 und d
020 _a978-1-4058-7326-0
050 _aLB 1025 .H35/
100 _aHaigh, Alan
245 4 _aThe art of teaching : big idea, simple rules
260 _bpearson education
260 _c2008
300 _a180 p
650 _aEducation
942 _cBK
999 _c35481
_d35481